[Event "POL-chT 2nd League Juniors 2020"]
[Site "Sypniewo"]
[Date "2020.10.26"]
[Round "5.10"]
[White "Karaszewski, Gabriel"]
[Black "Leszczewicz, Karol"]
[Result "1/2-1/2"]
[WhiteElo "1614"]
[BlackElo "1267"]
[Annotator "NA RC"]
[PlyCount "79"]
[EventDate "2020.10.23"]
[EventType "team-tourn"]
[EventCountry "POL"]
[SourceTitle "playchess.com"]
[Source "ChessBase"]
[SourceQuality "1"]
[TimeControl "5400+30"]

1. e4 {[%emt 0:00:00]} c5 {[%emt 0:00:00]} 2. Nf3 {[%emt 0:00:00]} d6 {[%emt 0:00:04]} 3. d4 {[%emt 0:00:00]} cxd4 {[%emt 0:00:51]} 4. Nxd4 {[%emt 0:00:00]} Nf6 {[%emt 0:00:34]} 5. f3 {[%emt 0:00:00]} Nc6 {[%emt 0:10:32]} 6. c4 {[%emt 0:00:00]} e5 {[%emt 0:01:50]} 7. Nc2 {[%emt 0:00:11]} Be7 {[%emt 0:01:57]} 8. Be3 {[%emt 0:00:34]} O-O {[%emt 0:01:05]} 9. Nc3 {[%emt 0:00:07]} Be6 {[%emt 0:03:04]} 10. Be2 {[%emt 0:00:19]} Re8 {[%emt 0:09:09]} 11. O-O {[%emt 0:00:18]} Rc8 {[%emt 0:13:07]} 12. Qd2 {[%emt 0:00:54]} h6 {[%emt 0:04:18]} 13. Rfd1 {[%emt 0:01:47]} Qa5 {[%emt 0:25:36]} 14. Rac1 {[%emt 0:04:34]} a6 {[%emt 0:02:17]} 15. b3 {[%emt 0:03:37]} Red8 {[%emt 0:05:43]} 16. Na4 {[%emt 0:03:42]} Qxd2 {[%emt 0:00:24]} 17. Rxd2 {[%emt 0:00:10]} Nd7 {[%emt 0:02:22]} 18. Rcd1 {[%emt 0:01:07]} f5 {[%emt 0:05:32]} 19. Nb6 {[%emt 0:01:36]} Nxb6 {[%emt 0:00:23]} 20. Bxb6 {[%emt 0:00:06]} Rf8 {[%emt 0:01:08]} 21. exf5 {[%emt 0:06:45]} Bxf5 {[%emt 0:00:30]} 22. Bd3 {[%emt 0:00:17]} Bxd3 {[%emt 0:00:16]} 23. Rxd3 {[%emt 0:00:07]} Nb8 {[%emt 0:01:29]} 24. Ne3 {[%emt 0:05:10]} Nd7 {[%emt 0:01:38]} 25. Nd5 {[%emt 0:00:19]} Bg5 {[%emt 0:00:17]} 26. Bc7 {[%emt 0:05:41]} Nc5 {[%emt 0:00:58]} 27. Rc3 {[%emt 0:03:06]} e4 {[%emt 0:04:06]} 28. Bxd6 {[%emt 0:05:32]} Rfe8 {[%emt 0:00:09]} 29. Bxc5 {[%emt 0:02:59]} Rxc5 {[%emt 0:00:02]} 30. Rd4 {[%emt 0:29:44]} exf3 {[%emt 0:00:34]} 31. gxf3 {[%emt 0:00:31]} Re2 {[%emt 0:00:16]} 32. a4 {[%emt 0:08:17]} a5 {[%emt 0:00:25]} 33. Re4 {[%emt 0:06:45]} Rd2 {[%emt 0:01:42]} 34. Nf4 {[%emt 0:07:35]} Bxf4 {[%emt 0:01:22]} 35. Rxf4 {[%emt 0:00:07]} Rg5+ {[%emt 0:00:05]} 36. Rg4 {[%emt 0:01:39]} Re5 {[%emt 0:00:06]} 37. Re4 {[%emt 0:00:42]} Rg5+ {[%emt 0:00:06]} 38. Rg4 {[%emt 0:00:04]} Re5 {[%emt 0:00:05]} 39. Re4 {[%emt 0:02:06]} Rg5+ {[%emt 0:00:18]} 40. Rg4 {[%emt 0:00:06]} 1/2-1/2

[Event "POL-chT 2nd League Juniors 2020"]
[Site "Sypniewo"]
[Date "2020.10.26"]
[Round "5.10"]
[White "Wojs, Alicja"]
[Black "Lewek, Jakub"]
[Result "1-0"]
[WhiteElo "1392"]
[BlackElo "1260"]
[Annotator "NA RC"]
[PlyCount "75"]
[EventDate "2020.10.23"]
[EventType "team-tourn"]
[EventCountry "POL"]
[SourceTitle "playchess.com"]
[Source "ChessBase"]
[SourceQuality "1"]
[TimeControl "5400+30"]

1. e4 {[%emt 0:00:00]} e5 {[%emt 0:00:00]} 2. Nf3 {[%emt 0:00:00]} Nc6 {[%emt 0:00:00]} 3. Nc3 {[%emt 0:00:10]} Nf6 {[%emt 0:00:17]} 4. d4 {[%emt 0:00:26]} exd4 {[%emt 0:04:21]} 5. Nxd4 {[%emt 0:00:45]} Bb4 {[%emt 0:11:46]} 6. Nxc6 {[%emt 0:01:20]} bxc6 {[%emt 0:00:20]} 7. Bd3 {[%emt 0:00:19]} O-O {[%emt 0:11:16]} 8. O-O {[%emt 0:00:58]} Re8 {[%emt 0:07:17]} 9. Bg5 {[%emt 0:01:47]} Bxc3 {[%emt 0:02:06]} 10. bxc3 {[%emt 0:00:06]} d5 {[%emt 0:01:42]} 11. exd5 {[%emt 0:00:12]} cxd5 {[%emt 0:00:11]} 12. Bxf6 {[%emt 0:00:17]} Qxf6 {[%emt 0:00:21]} 13. Qh5 {[%emt 0:00:16]} h6 {[%emt 0:08:37]} 14. Qxd5 {[%emt 0:01:01]} Bg4 {[%emt 0:10:31]} 15. Qc4 {[%emt 0:01:47]} Bh5 {[%emt 0:06:50]} 16. Qxc7 {[%emt 0:00:54]} Rec8 {[%emt 0:04:49]} 17. Qa5 {[%emt 0:02:03]} Bg4 {[%emt 0:01:22]} 18. Be4 {[%emt 0:02:22]} Rab8 {[%emt 0:01:20]} 19. Qxa7 {[%emt 0:01:11]} Qxc3 {[%emt 0:06:41]} 20. Rab1 {[%emt 0:02:37]} Rxb1 {[%emt 0:02:21]} 21. Rxb1 {[%emt 0:01:18]} Rd8 {[%emt 0:02:14]} 22. a4 {[%emt 0:01:29]} Qf6 {[%emt 0:05:24]} 23. h3 {[%emt 0:00:43]} Be6 {[%emt 0:00:28]} 24. Bd3 {[%emt 0:01:08]} Qg5 {[%emt 0:00:41]} 25. Qe3 {[%emt 0:02:45]} Qa5 {[%emt 0:00:26]} 26. Qe4 {[%emt 0:01:19]} Bd5 {[%emt 0:01:23]} 27. Qh7+ {[%emt 0:01:21]} Kf8 {[%emt 0:00:14]} 28. Qh8+ {[%emt 0:00:24]} Ke7 {[%emt 0:00:06]} 29. Qxg7 {[%emt 0:00:43]} Qxa4 {[%emt 0:00:47]} 30. Qxh6 {[%emt 0:01:09]} Rg8 {[%emt 0:01:20]} 31. Qe3+ {[%emt 0:01:09]} Kd6 {[%emt 0:01:47]} 32. Rb6+ {[%emt 0:01:25]} Kc7 {[%emt 0:00:35]} 33. Qc5+ {[%emt 0:00:17]} Bc6 {[%emt 0:00:23]} 34. Rb1 {[%emt 0:02:48]} Rxg2+ {[%emt 0:01:10]} 35. Kf1 {[%emt 0:00:09]} Qh4 {[%emt 0:01:01]} 36. Qe5+ {[%emt 0:01:39]} Kd7 {[%emt 0:01:16]} 37. Bf5+ {[%emt 0:00:18]} Kd8 {[%emt 0:00:22]} 38. Rb8# {[%emt 0:00:11]} 1-0

[Event "POL-chT 2nd League Juniors 2020"]
[Site "Sypniewo"]
[Date "2020.10.26"]
[Round "5.11"]
[White "Tarka, Aleksandra"]
[Black "Lascar, Maria Elena"]
[Result "1/2-1/2"]
[WhiteElo "1676"]
[BlackElo "1552"]
[Annotator "NA RC"]
[PlyCount "68"]
[EventDate "2020.10.23"]
[EventType "team-tourn"]
[EventCountry "POL"]
[SourceTitle "playchess.com"]
[Source "ChessBase"]
[SourceQuality "1"]
[TimeControl "5400+30"]

1. e4 {[%emt 0:00:00]} c5 {[%emt 0:00:00]} 2. d3 {[%emt 0:00:00]} Nc6 {[%emt 0:01:11]} 3. g3 {[%emt 0:00:00]} g6 {[%emt 0:02:55]} 4. Bg2 {[%emt 0:00:05]} Bg7 {[%emt 0:00:10]} 5. f4 {[%emt 0:00:09]} e6 {[%emt 0:01:18]} 6. Nf3 {[%emt 0:00:17]} Nge7 {[%emt 0:01:08]} 7. O-O {[%emt 0:00:25]} O-O {[%emt 0:00:35]} 8. c3 {[%emt 0:00:32]} d5 {[%emt 0:01:56]} 9. Na3 {[%emt 0:02:12]} a6 {[%emt 0:08:04]} 10. e5 {[%emt 0:06:02]} b6 {[%emt 0:09:30]} 11. Be3 {[%emt 0:08:50]} Bb7 {[%emt 0:08:30]} 12. Bf2 {[%emt 0:03:40]} h6 {[%emt 0:06:54]} 13. Nc2 {[%emt 0:22:04]} Rc8 {[%emt 0:04:21]} 14. Qe2 {[%emt 0:17:38]} Nb8 {[%emt 0:06:23]} 15. g4 {[%emt 0:04:53]} b5 {[%emt 0:13:54]} 16. d4 {[%emt 0:05:17]} Nd7 {[%emt 0:04:13]} 17. Bh4 {[%emt 0:03:30]} Re8 {[%emt 0:06:23]} 18. f5 {[%emt 0:08:58]} Bf8 {[%emt 0:07:44]} 19. f6 {[%emt 0:08:40]} Nc6 {[%emt 0:00:16]} 20. Bf2 {[%emt 0:00:40]} cxd4 {[%emt 0:01:07]} 21. cxd4 {[%emt 0:00:40]} Nb4 {[%emt 0:01:12]} 22. Nxb4 {[%emt 0:00:45]} Bxb4 {[%emt 0:00:02]} 23. Be3 {[%emt 0:00:53]} Bf8 {[%emt 0:03:17]} 24. Rac1 {[%emt 0:00:59]} Qa5 {[%emt 0:01:14]} 25. b3 {[%emt 0:00:27]} Rxc1 {[%emt 0:00:52]} 26. Rxc1 {[%emt 0:00:08]} Rc8 {[%emt 0:01:38]} 27. Rxc8 {[%emt 0:01:12]} Bxc8 {[%emt 0:00:01]} 28. Qd2 {[%emt 0:00:52]} Qxd2 {[%emt 0:00:05]} 29. Bxd2 {[%emt 0:00:17]} Nb8 {[%emt 0:01:00]} 30. Ne1 {[%emt 0:01:58]} Nc6 {[%emt 0:00:28]} 31. Nc2 {[%emt 0:00:15]} b4 {[%emt 0:06:01]} 32. Bf1 {[%emt 0:00:36]} Bb7 {[%emt 0:01:31]} 33. Bd3 {[%emt 0:01:39]} a5 {[%emt 0:00:58]} 34. Bb5 {[%emt 0:01:04]} Na7 1/2-1/2

[Event "POL-chT 2nd League Juniors 2020"]
[Site "Sypniewo"]
[Date "2020.10.26"]
[Round "5.12"]
[White "Mainka, Anna"]
[Black "Ziobrowska, Maja"]
[Result "0-1"]
[WhiteElo "1280"]
[BlackElo "1483"]
[Annotator "NA RC"]
[PlyCount "128"]
[EventDate "2020.10.23"]
[EventType "team-tourn"]
[EventCountry "POL"]
[SourceTitle "playchess.com"]
[Source "ChessBase"]
[SourceQuality "1"]
[TimeControl "5400+30"]

1. e4 {[%emt 0:00:00]} e5 {[%emt 0:00:00]} 2. Nf3 {[%emt 0:00:00]} Nc6 {[%emt 0:00:00]} 3. Bc4 {[%emt 0:00:00]} Bc5 {[%emt 0:00:00]} 4. c3 {[%emt 0:00:00]} Nf6 {[%emt 0:00:01]} 5. d4 {[%emt 0:00:06]} exd4 {[%emt 0:00:09]} 6. cxd4 {[%emt 0:00:04]} Bb4+ {[%emt 0:00:07]} 7. Bd2 {[%emt 0:00:09]} Bxd2+ {[%emt 0:00:20]} 8. Nbxd2 {[%emt 0:00:06]} d5 {[%emt 0:00:09]} 9. exd5 {[%emt 0:00:13]} Nxd5 {[%emt 0:00:08]} 10. Qb3 {[%emt 0:00:41]} Nce7 {[%emt 0:10:56]} 11. O-O {[%emt 0:01:30]} O-O {[%emt 0:00:15]} 12. Rfe1 {[%emt 0:01:04]} c6 {[%emt 0:01:46]} 13. h3 {[%emt 0:06:41]} Qc7 {[%emt 0:07:20]} 14. Re2 {[%emt 0:10:58]} h6 {[%emt 0:05:03]} 15. Rae1 {[%emt 0:00:42]} Be6 {[%emt 0:00:18]} 16. Ne4 {[%emt 0:14:47]} b5 {[%emt 0:07:12]} 17. Bxd5 {[%emt 0:01:23]} Nxd5 {[%emt 0:00:10]} 18. Qd1 {[%emt 0:05:11]} Rad8 {[%emt 0:08:27]} 19. Nc5 {[%emt 0:03:01]} Nf4 {[%emt 0:17:10]} 20. Re4 {[%emt 0:01:56]} Rd5 {[%emt 0:01:50]} 21. Ne5 {[%emt 0:06:15]} Rfd8 {[%emt 0:07:43]} 22. Qf3 {[%emt 0:05:39]} g5 {[%emt 0:19:15]} 23. Nxe6 {[%emt 0:05:37]} Nxe6 {[%emt 0:00:08]} 24. Qf6 {[%emt 0:00:57]} Nxd4 {[%emt 0:10:10]} 25. Qxh6 {[%emt 0:04:52]} f5 {[%emt 0:00:37]} 26. Qxg5+ {[%emt 0:01:59]} Qg7 {[%emt 0:00:07]} 27. Qxg7+ {[%emt 0:00:23]} Kxg7 {[%emt 0:00:07]} 28. Rf4 {[%emt 0:05:59]} Re8 {[%emt 0:00:37]} 29. Kf1 {[%emt 0:04:39]} Rdxe5 {[%emt 0:00:10]} 30. Rxe5 {[%emt 0:00:07]} Rxe5 {[%emt 0:00:06]} 31. Rxd4 {[%emt 0:00:03]} Rc5 {[%emt 0:00:34]} 32. Rd7+ {[%emt 0:00:52]} Kf6 {[%emt 0:00:09]} 33. Rxa7 {[%emt 0:00:05]} Rc1+ {[%emt 0:00:07]} 34. Ke2 {[%emt 0:00:04]} Rc2+ {[%emt 0:00:04]} 35. Kf3 {[%emt 0:00:04]} Rxb2 {[%emt 0:00:06]} 36. Ra6 {[%emt 0:02:44]} Rc2 {[%emt 0:00:08]} 37. g4 {[%emt 0:01:29]} Rc3+ {[%emt 0:00:39]} 38. Kg2 {[%emt 0:00:15]} fxg4 {[%emt 0:00:07]} 39. hxg4 {[%emt 0:00:04]} Kg5 {[%emt 0:00:06]} 40. f3 {[%emt 0:00:50]} Kf4 {[%emt 0:00:16]} 41. Ra8 {[%emt 0:01:40]} Rc2+ {[%emt 0:00:17]} 42. Kh3 {[%emt 0:00:36]} Kxf3 {[%emt 0:00:40]} 43. g5 {[%emt 0:00:55]} Rc1 {[%emt 0:00:17]} 44. Rf8+ {[%emt 0:01:40]} Ke4 {[%emt 0:00:06]} 45. Kg4 {[%emt 0:01:32]} c5 {[%emt 0:00:43]} 46. g6 {[%emt 0:00:56]} c4 {[%emt 0:00:12]} 47. Rf2 {[%emt 0:02:28]} c3 {[%emt 0:00:22]} 48. Rg2 {[%emt 0:00:31]} Rd1 {[%emt 0:00:20]} 49. g7 {[%emt 0:02:35]} Rd8 {[%emt 0:00:19]} 50. Kg5 {[%emt 0:02:32]} Kd3 {[%emt 0:00:44]} 51. Kf6 {[%emt 0:00:33]} c2 {[%emt 0:01:08]} 52. Rg3+ {[%emt 0:00:29]} Kd2 {[%emt 0:00:14]} 53. Rg2+ {[%emt 0:00:19]} Kd3 {[%emt 0:00:58]} 54. Rg3+ {[%emt 0:00:23]} Ke2 {[%emt 0:04:18]} 55. Rg2+ {[%emt 0:00:15]} Kd1 {[%emt 0:00:26]} 56. Rg1+ {[%emt 0:00:04]} Kd2 {[%emt 0:00:10]} 57. Rg2+ {[%emt 0:00:04]} Kc3 {[%emt 0:00:07]} 58. Rg3+ {[%emt 0:00:12]} Kb2 {[%emt 0:00:13]} 59. Rg2 {[%emt 0:00:15]} Kb1 {[%emt 0:00:16]} 60. Rd2 {[%emt 0:00:24]} Rxd2 {[%emt 0:00:34]} 61. g8=Q {[%emt 0:00:08]} c1=Q {[%emt 0:00:09]} 62. Qg6+ {[%emt 0:00:17]} Qc2 {[%emt 0:00:34]} 63. Qg1+ {[%emt 0:00:23]} Rd1 {[%emt 0:00:37]} 64. a4 b4 0-1

[Event "POL-chT 2nd League Juniors 2020"]
[Site "Sypniewo"]
[Date "2020.10.26"]
[Round "5.13"]
[White "Twardowski, Hubert"]
[Black "Chaczynski, Kamil"]
[Result "1/2-1/2"]
[WhiteElo "1912"]
[BlackElo "1929"]
[Annotator "TA"]
[PlyCount "62"]
[EventDate "2020.10.23"]
[EventType "team-tourn"]
[EventCountry "POL"]
[SourceTitle "playchess.com"]
[Source "ChessBase"]
[SourceQuality "1"]

{[%evp 24,62,0,0,15,0,16,0,22,22,22,20,29,26,35,20,32,31,32,37,35,36,33,26,48,35,34,33,30,31,68,21,42,30,48,38,30,19,64,57,55]} 1. e4 e6 2. d4 d5 3. exd5 exd5 4. Bd3 Bd6 5. Nf3 Nf6 6. O-O O-O 7. Bg5 Bg4 8. Nbd2 Nbd7 9. c3 c6 10. Re1 Qc7 11. Qc2 Rfe8 12. Bh4 Bh5 13. Bg3 Bg6 {13...h6 is a critical line. Played by Alireza Firouzja in June 2020. C01: French: Exchange Variation.} 14. Bxd6 (14. Bxg6 {seems wilder.} hxg6 15. Bxd6 Qxd6 16. h3 Qf4 17. Rad1) 14... Qxd6 15. Nh4 {[#]} c5 $146 {The position is equal.} ({Predecessor:} 15... Bxd3 16. Qxd3 g6 17. g3 Re7 18. Rxe7 Qxe7 19. Ng2 Re8 20. Re1 Qd8 21. Rxe8+ Qxe8 {1-0 (58) Nunez,M-Viera,E (2104) Mercedes 2003}) 16. Nxg6 hxg6 17. dxc5 Nxc5 18. Nf3 a6 19. Rad1 b5 20. h3 Rac8 21. Rxe8+ Rxe8 22. Qd2 Rb8 23. Nd4 b4 24. cxb4 Nxd3 25. Qxd3 Rxb4 26. b3 Rb8 27. Nf3 Re8 28. h4 Qb6 29. Qd4 Qc7 30. Qb2 Qc5 31. Rc1 Qb5 {Av CentiPawn Loss W=-8/B=-10. Weighted=-8/-12} 1/2-1/2

[Event "POL-chT 2nd League Juniors 2020"]
[Site "Sypniewo"]
[Date "2020.10.26"]
[Round "5.14"]
[White "Niemier, Hubert"]
[Black "Malek, Jan"]
[Result "1/2-1/2"]
[WhiteElo "1771"]
[BlackElo "1941"]
[Annotator "NA RC"]
[PlyCount "81"]
[EventDate "2020.10.23"]
[EventType "team-tourn"]
[EventCountry "POL"]
[SourceTitle "playchess.com"]
[Source "ChessBase"]
[SourceQuality "1"]
[TimeControl "5400+30"]

1. d4 {[%emt 0:00:00]} d5 {[%emt 0:00:00]} 2. Bg5 {[%emt 0:00:00]} c6 {[%emt 0:00:58]} 3. e3 {[%emt 0:00:00]} Nd7 {[%emt 0:00:28]} 4. Nf3 {[%emt 0:00:17]} g6 {[%emt 0:02:32]} 5. c4 {[%emt 0:00:23]} Ngf6 {[%emt 0:00:12]} 6. Nc3 {[%emt 0:00:14]} Bg7 {[%emt 0:01:02]} 7. Bd3 {[%emt 0:00:10]} O-O {[%emt 0:00:55]} 8. O-O {[%emt 0:00:11] D91: Grünfeld: 4 Nf3 Bg7 5 Bg5.} dxc4 {[%emt 0:04:14]} 9. Bxc4 {[%emt 0:00:04]} Nb6 {[%emt 0:00:08]} 10. Bb3 {[%emt 0:01:29] [#]} a5 $146 {[%emt 0:01:38]} ({Predecessor:} 10... Bg4 11. h3 Bf5 12. Qe2 Ne4 13. Bf4 Nxc3 14. bxc3 Nd5 15. Bxd5 cxd5 16. c4 dxc4 17. Qxc4 {0-1 (59) Seiler,D (2116)-Sawlin,M (2188) Germany 2019}) 11. a3 {[%emt 0:05:59]} Bf5 {[%emt 0:03:13]} 12. h3 {[%emt 0:11:33]} Ne4 {[%emt 0:03:49]} 13. Qe2 {[%emt 0:01:16]} Nxg5 {[%emt 0:01:15]} 14. Nxg5 {[%emt 0:00:50]} e5 {[%emt 0:02:11]} 15. Nxf7 {[%emt 0:07:06]} Rxf7 {[%emt 0:00:19]} 16. Bxf7+ {[%emt 0:00:47]} Kxf7 {[%emt 0:00:17]} 17. e4 {[%emt 0:00:04]} exd4 {[%emt 0:06:30]} 18. exf5 {[%emt 0:00:50]} dxc3 {[%emt 0:00:50]} 19. Qe6+ {[%emt 0:01:36]} Kf8 {[%emt 0:00:08]} 20. bxc3 {[%emt 0:03:35]} Qd5 {[%emt 0:02:51]} 21. Qe3 {[%emt 0:00:21]} Nc4 {[%emt 0:00:20]} 22. Qf4 {[%emt 0:00:57]} Qf7 {[%emt 0:01:30]} 23. Qh4 {[%emt 0:11:25]} b5 {[%emt 0:03:40]} 24. fxg6 {[%emt 0:00:14]} hxg6 {[%emt 0:00:09]} 25. Qg3 {[%emt 0:04:48]} Re8 {[%emt 0:01:29]} 26. Rae1 {[%emt 0:02:10]} Be5 {[%emt 0:01:06]} 27. f4 {[%emt 0:00:26]} Bd6 {[%emt 0:01:22]} 28. Rxe8+ {[%emt 0:02:42]} Qxe8 {[%emt 0:00:26]} 29. Qh4 {[%emt 0:02:57]} Kg8 {[%emt 0:04:51]} ({Weaker is} 29... Bxa3 30. f5 $17) 30. f5 {[%emt 0:03:07]} (30. Re1 {is a better defense.} Qf7 31. a4) 30... Qe3+ {[%emt 0:05:29]} 31. Kh1 {[%emt 0:00:21]} Qe5 {[%emt 0:00:09]} 32. Qd8+ {[%emt 0:00:52]} Kg7 {[%emt 0:01:46]} 33. f6+ {[%emt 0:10:53] [#]} Kh6 $19 {[%emt 0:01:31]} (33... Kh7 $1) 34. Qh8+ {[%emt 0:00:13]} Kg5 {[%emt 0:00:08]} 35. h4+ {[%emt 0:00:04]} Kg4 {[%emt 0:00:43]} 36. Qc8+ {[%emt 0:00:10]} Kh5 {[%emt 0:00:08]} 37. Qh8+ {[%emt 0:04:59]} Kg4 {[%emt 0:00:10]} 38. Qc8+ Kh5 39. Qh3 Nd2 40. Qc8 Nc4 41. Qh8+ 1/2-1/2

[Event "POL-chT 2nd League Juniors 2020"]
[Site "Sypniewo"]
[Date "2020.10.26"]
[Round "5.15"]
[White "Trzebinski, Patryk"]
[Black "Skrzypinski, Jan"]
[Result "0-1"]
[WhiteElo "1837"]
[BlackElo "1418"]
[Annotator "NA RC"]
[PlyCount "70"]
[EventDate "2020.10.23"]
[EventType "team-tourn"]
[EventCountry "POL"]
[SourceTitle "playchess.com"]
[Source "ChessBase"]
[SourceQuality "1"]
[TimeControl "5400+30"]

{[%evp 12,61,51,38,32767,32767,54,32767,32767,32767,32767,45,32767,32767,32767,32767,84,58,91,79,32767,12,18,-25,-7,32767,32767,32767,32767,32767,-70,32767,-79,-104,32767,32767,32767,-145,-49,-46,-49,-50,-58,-125,32767,-134,32767,-137,-160,-219,-133,-964]} 1. e4 {[%emt 0:00:00]} c5 {[%emt 0:00:00]} 2. Nf3 {[%emt 0:00:00]} Nc6 {[%emt 0:00:00]} 3. c4 {[%emt 0:00:00]} g6 {[%emt 0:04:05]} 4. d4 {[%emt 0:00:00]} cxd4 {[%emt 0:00:04]} 5. Nxd4 {[%emt 0:00:00]} Bg7 {[%emt 0:00:14]} 6. Be3 {[%emt 0:00:16]} Nf6 {[%emt 0:00:46]} 7. Nc3 {[%emt 0:00:13]} d6 {[%emt 0:00:11]} 8. f3 {[%emt 0:02:27]} Bd7 {[%emt 0:02:27]} 9. Be2 {[%emt 0:00:15]} a6 {[%emt 0:00:45]} 10. O-O {[%emt 0:00:44]} O-O {[%emt 0:00:45]} 11. Rc1 {[%emt 0:00:34]} Rc8 {[%emt 0:00:17]} 12. Qd2 {[%emt 0:00:49]} Nxd4 {[%emt 0:01:47]} 13. Bxd4 {[%emt 0:00:14]} Bc6 {[%emt 0:00:30]} 14. Rfd1 {[%emt 0:00:50] B38: Sicilian: Maroczy Bind with 5...Bg7 and 7...0-0.} Nd7 {[%emt 0:12:16]} 15. b4 {[%emt 0:03:20]} b6 {[%emt 0:08:23] [#]} 16. b5 $146 {[%emt 0:06:47]} ({Predecessor:} 16. Bxg7 $16 Kxg7 17. f4 (17. Qd4+ Kg8 18. f4 Rc7 19. e5 dxe5 20. fxe5 e6 21. Qe3 Qe7 22. a3 {1-0 (40) Nazarov,B (2389)-Spasov,V (2452) ICCF email 2006})) 16... axb5 {[%emt 0:00:57]} 17. Nxb5 {[%emt 0:00:53]} Bxb5 {[%emt 0:00:13]} 18. Bxg7 {[%emt 0:00:28]} Kxg7 {[%emt 0:00:08]} 19. Qb2+ {[%emt 0:00:20]} Kg8 {[%emt 0:00:09]} 20. Qxb5 {[%emt 0:00:08]} Rc5 {[%emt 0:00:20]} 21. Qb4 {[%emt 0:04:28]} Qa8 {[%emt 0:02:11]} 22. Qb1 {[%emt 0:03:57]} Rfc8 {[%emt 0:01:06]} 23. f4 {[%emt 0:05:53]} Qa3 {[%emt 0:01:01]} 24. Bg4 {[%emt 0:04:54] [#]} ({White should try} 24. Qb3 $15 Qa7 25. Qe3) 24... e6 {[%emt 0:03:04]} ({Black should play} 24... Qe3+ $1 $19 25. Kh1 e6) 25. Qb3 $1 {[%emt 0:00:57]} Qa7 {[%emt 0:00:27]} 26. Rxd6 {[%emt 0:29:28]} b5 {[%emt 0:01:14]} 27. Kh1 {[%emt 0:00:16]} (27. Qe3 $15) 27... Rxc4 {[%emt 0:00:40]} 28. Rcd1 {[%emt 0:01:53]} Nf6 {[%emt 0:02:32]} 29. Qb2 {[%emt 0:02:37]} Qe7 {[%emt 0:02:13]} 30. Bf3 {[%emt 0:02:00]} Nxe4 {[%emt 0:00:30]} 31. Bxe4 $19 {[%emt 0:01:40]} (31. Rd7 $17 Qf6 32. Qxf6 Nxf6 33. Rd8+ Rxd8 34. Rxd8+ Kg7 35. g3) 31... Rxe4 {[%emt 0:00:06]} 32. Qxb5 {[%emt 0:00:20]} Qxd6 {[%emt 0:00:17]} 33. Qb1 {[%emt 0:00:47]} Qxf4 {[%emt 0:00:32]} 34. Rf1 {[%emt 0:00:14]} Qxf1+ {[%emt 0:00:44]} 35. Qxf1 {[%emt 0:00:08]} Rec4 {[%emt 0:00:02]} 0-1

[Event "POL-chT 2nd League Juniors 2020"]
[Site "Sypniewo"]
[Date "2020.10.26"]
[Round "5.16"]
[White "Kaczmarek, Jan"]
[Black "Malinowski, Szymon"]
[Result "1/2-1/2"]
[WhiteElo "1229"]
[BlackElo "1740"]
[Annotator "NA RC"]
[PlyCount "94"]
[EventDate "2020.10.23"]
[EventType "team-tourn"]
[EventCountry "POL"]
[SourceTitle "playchess.com"]
[Source "ChessBase"]
[SourceQuality "1"]
[TimeControl "5400+30"]

1. d4 {[%emt 0:00:00]} d5 {[%emt 0:00:00]} 2. c4 {[%emt 0:00:00]} dxc4 {[%emt 0:00:01]} 3. Nf3 {[%emt 0:00:00]} Nf6 {[%emt 0:00:35]} 4. e3 {[%emt 0:00:14]} e6 {[%emt 0:00:27]} 5. Bxc4 {[%emt 0:00:29]} a6 {[%emt 0:00:09]} 6. Bb3 {[%emt 0:00:46]} Be7 {[%emt 0:13:57]} 7. O-O {[%emt 0:00:35]} O-O {[%emt 0:00:12]} 8. Qe2 {[%emt 0:00:43]} b5 {[%emt 0:01:11]} 9. a4 {[%emt 0:01:37]} b4 {[%emt 0:00:14]} 10. Rd1 {[%emt 0:03:12]} Bb7 {[%emt 0:09:05]} 11. Nbd2 {[%emt 0:03:50]} Nbd7 {[%emt 0:05:50]} 12. Bc2 {[%emt 0:04:46]} c5 {[%emt 0:08:52]} 13. Nb3 {[%emt 0:03:58]} Qc7 {[%emt 0:01:07]} 14. dxc5 {[%emt 0:04:39]} Nxc5 {[%emt 0:00:28]} 15. Nxc5 {[%emt 0:04:15]} Bxc5 {[%emt 0:03:54]} 16. Bd2 {[%emt 0:04:43]} Rfd8 {[%emt 0:19:03]} 17. Rac1 {[%emt 0:02:59]} Qb6 {[%emt 0:01:46]} 18. Ne5 {[%emt 0:07:34]} Rac8 {[%emt 0:05:52]} 19. Nc4 {[%emt 0:07:37]} Qa7 {[%emt 0:01:04]} 20. e4 {[%emt 0:02:48]} Bxf2+ {[%emt 0:04:06]} 21. Qxf2 {[%emt 0:00:29]} Qxf2+ {[%emt 0:00:09]} 22. Kxf2 {[%emt 0:00:01]} Rxc4 {[%emt 0:00:12]} 23. e5 {[%emt 0:04:09]} Ne4+ {[%emt 0:00:27]} 24. Ke3 {[%emt 0:01:25]} g6 {[%emt 0:04:05]} 25. Bxe4 {[%emt 0:05:56]} Rxe4+ {[%emt 0:00:20]} 26. Kf2 {[%emt 0:00:12]} Rxe5 {[%emt 0:08:08]} 27. Bxb4 {[%emt 0:01:23]} Rxd1 {[%emt 0:01:29]} 28. Rxd1 {[%emt 0:00:01]} Bd5 {[%emt 0:00:10]} 29. Rc1 {[%emt 0:01:55]} Re4 {[%emt 0:01:35]} 30. Rc8+ {[%emt 0:00:49]} Kg7 {[%emt 0:00:07]} 31. Bc3+ {[%emt 0:00:49]} Kh6 {[%emt 0:01:44]} 32. a5 {[%emt 0:01:31]} f5 {[%emt 0:02:18]} 33. Rc7 {[%emt 0:01:29]} Rf4+ {[%emt 0:04:53]} 34. Ke1 {[%emt 0:00:45]} Rh4 {[%emt 0:00:43]} 35. Ra7 {[%emt 0:01:58]} Rxh2 {[%emt 0:00:12]} 36. Rxa6 {[%emt 0:00:45]} Kg5 {[%emt 0:00:22]} 37. Rd6 {[%emt 0:00:48]} Rxg2 {[%emt 0:01:07]} 38. b4 {[%emt 0:00:58]} h5 {[%emt 0:01:01]} 39. a6 {[%emt 0:00:31]} h4 {[%emt 0:00:45]} 40. Bd2+ {[%emt 0:00:25]} Kf6 {[%emt 0:01:04]} 41. Rxd5 {[%emt 0:00:43]} exd5 {[%emt 0:00:19]} 42. a7 {[%emt 0:00:12]} h3 {[%emt 0:01:09]} 43. a8=Q {[%emt 0:00:12]} h2 {[%emt 0:00:22]} 44. Qc6+ {[%emt 0:11:27]} Ke7 {[%emt 0:00:42]} 45. Bg5+ {[%emt 0:04:04]} Rxg5 {[%emt 0:00:19]} 46. Qc7+ {[%emt 0:00:01]} Kf6 {[%emt 0:00:28]} 47. Qxh2 {[%emt 0:00:05]} Rg4 {[%emt 0:00:32]} 1/2-1/2